LIBRARY & INFORMATION CENTRE, KCAET, TAVANUR

ONLINE PUBLIC ACCESS CATALOGUE (OPAC)

Normal view MARC view
  • Narayanan, J. C

Entry Personal Name

Number of records used in: 1

001 - CONTROL NUMBER

  • control field: 7830

003 - CONTROL NUMBER IDENTIFIER

  • control field: OSt

005 - DATE AND TIME OF LATEST TRANSACTION

  • control field: 20250903133100.0

008 - FIXED-LENGTH DATA ELEMENTS

  • fixed length control field: 250903|| aca||aabn | a|a d

040 ## - CATALOGING SOURCE

  • Original cataloging agency: OSt
  • Transcribing agency: OSt

100 ## - HEADING--PERSONAL NAME

  • Personal name: Narayanan, J. C

670 ## - SOURCE DATA FOUND

  • Source citation: Work cat.: (OSt)19514: Narayanan, J. C, Keralathile mukhyamanthrimar: E.M.S. muthal Pinarayi vare /, 2020.
free website counter